000 00356nam a2200133Ia 4500
008 240624s9999 xx 000 0 und d
041 _aeng
082 _a658 BOL
100 _aBOLT PETER
245 _aWHOLE MANAGER ACHIEVING SUCCESS WITHOUT
260 _c2008
_aNew Delhi
_bPrentice-Hall of India
300 _axi, : 142 : p. : cm. ; 24
365 _cRS
_b36
999 _c10467
_d10467